| 000 | 00340nam a2200109Ia 4500 | ||
|---|---|---|---|
| 008 | 171204s9999 xx 000 0 und d | ||
| 245 | _aBig Data Analytics: A Management Perspective: | ||
| 245 | _cFrancesco Corea | ||
| 260 | _c2016 | ||
| 650 | _xBUSINESS INTELLIGENCE AND ANALYTICS | ||
| 856 | _uhttp://down.ebook777.com/048/9783319389912.pdf | ||
| 999 |
_c347135 _d347135 |
||